00856nam a2200205 a 4500003000200000005001700002008004100019050002700060100002100087245014800108260009000256300002300346504004100369650002900410650002600439650002700465942001400492999001700506952012700523020250317091611.0080924s19uu xx 00 eng d aPHS LB 1065b.M58 2008 aMitsuhashi, Aya. aMotivation and academic performance of senior students of Southville International School and Colleges from homegenous class /cAya Mitsuhashi. aLas Piñas City, Philippines :bSouthville International School and Colleges,c2008. a34 pages ;c28 cm. aIncludes bibliographical references. aMotivation in education. aAcademic achievement. aEducational sociology. 2lcccPASS c98097d98097 00102lcc40aLUXbLUXcPASSd2008-09-24eDONATIONl0oPHS LB 1065 .M58 2008pP2194r2014-04-08 00:00:00w2014-04-08yPASS